00658nam a22002177a 4500003000500000005001700005008004100022010000900063011000900072035000900081040000900090100002000099245009100119260006500210300001500275490003000290500001200320501003800332650004000370830003000410CHAP20220817041006.0971013s1985 r 00010 d a4120 a5092 a4298 cCHAP00aRaymundo R., E. aExperience, problems and propects in the adoption of soil taxonomy in the Phillippines aTaipei, Taiwan :bFood y Fertilizer Technology Center,c1985 app.. 17-27 aExtension bulletinv; 225 aD52-203 aEnc. con otros impresos similares14aSuelosxClasificaciónxFilipinas.0 aExtension bulletinv; 225